Logo biblioteca
Santa Fe 2917, Rosario, Santa Fe
Lu-Vi 8 a 19.45
+54-341-4232362
bibliotecaeudoro@gmail.com
Facebook Biblioteca Pedagógica
Sitio web

Nuevo amigo: (Registro nro. 32707)

Detalles MARC
000 -CABECERA
campo fijo de control de longitud 00814nam a2200241 4500
001 - NÚMERO DE CONTROL
campo de control 32707
003 - IDENTIFICADOR DEL NÚMERO DE CONTROL
campo de control AR-RoBPED
005 - FECHA Y HORADE LA ULTIMA TRANSACCION
campo de control 20260506122539.0
008 - ELEMENTOS DE LONGITUD FIJA--INFORMACION GENERAL
campo fijo de control de longitud 260505s1957 ag a|||br|||| 001 1 spa d
040 ## - FUENTE CATALOGADORA
Centro catalogador/agencia de origen AR-RoBPED
041 ## - IDIOMA
Código de idioma para texto/pista de sonido o título independiente spa
100 ## - ENCABEZAMIENTO PRINCIPAL--AUTOR PERSONAL
Nombre de persona Graziano, Edith E.
9 (RLIN) 30855
245 1# - TITULO
Título Nuevo amigo:
Subtítulo libro de lectura para tercer grado /
Mención de responsabilidad Edith E. Graziano y Mauricio I. Crotman; ilustraciones de Delia Barbarin
260 ## - PUBLICACION
Lugar Buenos Aires:
Editor Libreria del Colegio,
Fecha 1957.
300 ## - DESCRIPCION FISICA
Extensión 143 p.
Otros detalles físicos il.
650 #4 - TERMINO DE MATERIA--CONTROLADO
Término controlado ARCHIVO INFANTIL
9 (RLIN) 24464
Término controlado LIBROS DE TEXTO
9 (RLIN) 1459
Término controlado TERCER GRADO
9 (RLIN) 1463
700 ## - ENCABEZAMIENTO SECUNDARIO--AUTOR PERSONAL
Nombre de persona Crotman, Mauricio I.
9 (RLIN) 30856
Nombre de persona Barbarin, Delia
9 (RLIN) 30857
Función ilust.
942 ## - ELEMENTOS KOHA
Fuente de clasificación Universal Decimal Classification
Número Koha k. 32707
Koha tipo de ítem Libro
Clasificación 372.4
Pre signatura IA
Signatura librística G 79
N° inventario inv. 42436
945 ## - PROCESAMIENTO DE LA INFORMACIÓN LOCAL
Catalogador y fecha mm 05/05/2026 - cd 06/05/2026
Existencias
Estado retirado Estado perdido Fuente de clasificación Estado dañado No se presta Biblioteca propietaria Biblioteca de reserva Fecha de adquisición Procedencia Total de préstamos Signatura topográfica completa Código de barras (nº de inventario) Fecha visto por última vez Catalogador y fecha Tipo de ítem Koha Nota pública
    Universal Decimal Classification   No se presta Biblioteca Pedagógica Eudoro Díaz Biblioteca Pedagógica Eudoro Díaz 05/05/2026 donación   IA 372.4 G 79 42436 05/05/2026 mm 05/05/2026 Libro No se presta a domicilio.